| 000 | 00696nam a22002417a 4500 | ||
|---|---|---|---|
| 003 | OSt | ||
| 005 | 20220107122835.0 | ||
| 008 | 171123b xxu||||| |||| 00| 0 eng d | ||
| 020 | _a9788187972600 | ||
| 040 | _cIIITMK | ||
| 082 | _a006.74 ZAL/S | ||
| 100 |
_aZalavadia, Bhumika S _913310 |
||
| 245 |
_aStatic and dynamic webpage development: _bWith HTML, CSS, Javascript, jQuery,PHP, MySQL and AJAX |
||
| 260 |
_aMumbai, _bPenram International Publishing, _c2016. |
||
| 300 | _axiii, 351p. | ||
| 650 |
_aCOMPUTER SCIENCE _913311 |
||
| 650 |
_aWEB DEVELOPMENT _913312 |
||
| 650 |
_aAJAX _913313 |
||
| 650 |
_aPHP _913314 |
||
| 650 |
_aHTML _913315 |
||
| 650 |
_aJAVA _913316 |
||
| 942 |
_2ddc _cBK |
||
| 999 |
_c5917 _d5917 |
||